000 00350nam a2200145Ia 4500
008 090124s9999 xx 000 0 und d
082 _b403148
245 _a शर्यत
250 _a1
260 _bसोनटक्के क. दि.
_c1994
300 _a64
630 _a शर्यत
730 _a शर्यत
942 _cBOOK
999 _c199620
_d199620